000 01368nam a2200337 i 4500
001 000017759
003 DO-SdBNP
005 20240605115236.0
007 ta
008 100331s2003 dr a 000 0 spa d
020 _a9945406027
040 _aDO-SdBNP
_bspa
_cBNPHU
_erda
049 _aBNPD
082 4 _a923.5
_bC343r
_222
100 1 _aCassá, Roberto,
_d1948-
_910888
_eautor
245 1 0 _aRamón Natera :
_bel señor del monte /
_cRoberto Cassá ; ilustraciones, Ramiro Manzano.
264 _aSanto Domingo :
_bTOBOGAN,
_c2003.
300 _a78 páginas :
_bilustraciones ;
_c21 cm.
336 _2rdacontent
_atexto
_btxt
337 _2rdamedia
_asin mediación
_bn
338 _2rdacarrier
_avolumen
_bnc
490 _aBiografías dominicanas Tobogan
504 _aBibliografía : p. 77-78
505 0 _aEl contexto del caudillo -- Configuración del "gavillerismo" -- Epicentro en el Este -- Orígenes de Natera -- Intervención militar -- La campaña de Vicente Evangelista -- La saga del rebelde -- La recomposición de la jefatura -- la inssurgencia estancada -- Acoso, redición y asesinato.
590 _aInventariado, 2024/BT
600 1 4 _aNatera, Ramón
_938625
650 4 _aRepública Dominicana
_xBiografías
_930688
650 4 _aRepública Dominicana
_xHistoria
_9416
700 1 _aManzano, Ramiro,
_eilustraciones
_9768
942 _2ddc
_cLBS1
999 _c17284
_d17284